000 01471nam a22003374a 4500
001 ebr10026242
003 CaPaEBR
006 m u
007 cr cn|||||||||
008 010328s2001 dcua sb 001 0 eng
010 _z 2001001834
020 _z0815700946 (cloth : alk. paper)
020 _z0815700938 (pbk.)
040 _aCaPaEBR
_cCaPaEBR
035 _a(OCoLC)614559171
050 1 4 _aHG4028.V3
_bL485 2001eb
082 0 4 _a658.15
_221
100 1 _aLev, Baruch.
245 1 0 _aIntangibles
_h[electronic resource] :
_bmanagement, measurement, and reporting /
_cBaruch Lev.
260 _aWashington, D.C. :
_bBrookings Institution Press,
_cc2001.
300 _aviii, 216 p. :
_bill.
504 _aIncludes bibliographical references and indexes.
505 0 _aWhat, why, and who? -- The economics of intangibles -- The record -- Intangibles in the dark -- What then must we do? -- The road ahead.
533 _aElectronic reproduction.
_bPalo Alto, Calif. :
_cebrary,
_d2013.
_nAvailable via World Wide Web.
_nAccess may be limited to ebrary affiliated libraries.
650 0 _aCorporations
_xValuation
_zUnited States.
650 0 _aBusiness enterprises
_xValuation
_zUnited States.
650 0 _aIntangible property
_xValuation
_zUnited States.
655 7 _aElectronic books.
_2local
710 2 _aebrary, Inc.
856 4 0 _uhttp://site.ebrary.com/lib/rucke/Doc?id=10026242
_zAn electronic book accessible through the World Wide Web; click to view
999 _c8172
_d8172